000 01024cem a22002295a 4500
001 L157118
008 120904s1861 xxk f 000 0 eng d
035 _a(Sirsi) u157118
041 0 _aeng
100 1 _aJackson, Frederick
245 0 0 _aPlan of the town and county of the town of Nottingham
_band the several extra parochial places within the liberties of the Castle, together with parts of the parishes of Sneinton, Radford, Wilford and Lenton, in the County of Nottingham, from surveys made between the years 1851 & 1861
260 _aNottingham
_bF. Jackson
_c1866
300 _a1 map
_bcol.
_c66 x 52 cm. folded to 23 x 14 cm.
520 _aAt head of title: To the right worshipful the mayor, aldermen and Common Council of Nottingham.
520 _aCover title: "Jackson's Plan of Nottingham".
520 _aShows ward and parish boundaries.
520 _aScale [ca. 1:9600].
583 _aCondition reviewed
_c20120620
_lcondition level
651 4 _aNottingham
690 _aGeomatics
_96242
942 _n0
999 _c114608
_d114608